000 00625nam a2200181Ia 4500
008 151202s9999||||xx |||||||||||||| ||und||
082 _bPNVM-50544
100 _aकवीश्वर छबुताई.
245 _aसारचं जगावेगळं.
260 _b"सुरस प्रकाशन,सोलापूर."
260 _c50544
300 _a90
600 _aकवीश्वर छबुताई.
630 _aसारचं जगावेगळं.
700 _aकवीश्वर छबुताई.
730 _aसारचं जगावेगळं.
942 _cBOOK
999 _c1317086
_d1317083